LDR 01189naa#a2200169#i#450# 001 RU\\bibl\120531 005 20260418022814.6 011 ## _a2073-5537 100 ## _a20260416b2026####ek#y0rusy0150####ca 102 ## _aRU 200 1# _aЭкосистемный подход в управлении научным творчеством среди молодежи на базе цифровых платформ _eЖурнальная статья 210 1# _aАстрахань _cАстраханский государственный технический университет _d2026 215 ## _a10 с. 608 ## _aЖурнальная статья _2local 675 ## _aНаучно-исследовательские работы. Методы исследований. 001.891 _aВзаимодействие сетей. Межсетевой обмен. 004.738 _aИзучение проблемы организации: методология, анализ, синтез, классификация и таксономия (теория, основы), систематизация в целом. 005 _z 700 #1 _aДадашова _gТатьяна Александровна 856 4# _avestnik.astu.org _u